Membros do Iz*one - Statistics

Estatísticas Gerais
  • Esse quiz foi jogado 6 vezes
  • A pontuação média é 8 de 12
Estatísticas das Respostas
Resposta % Correto
Wonyoung
100%
Chaewon
83%
Sakura
83%
Minju
67%
Yujin
67%
Yuri
67%
Chaeyeon
50%
Eunbi
50%
Hitomi
50%
Hyewon
50%
Nako
50%
Yena
50%
Nenhum quiz correspondente encontrado
Distribuição das Pontuações
Porcentagem de Pessoas com Cada Pontuação
Percentil de Números Respondidos
Sua Pontuação Histórica
Você não jogou esse quiz